000 01066nam a2200253Ia 4500
003 OSt
005 20221005103610.0
006 a|||||r|||| 00| 0
007 ta
008 221004b |||||||| |||| 00| 0 hin d
020 _a8185246424 (hbk)
_c150
024 _a102670
037 _b463, 12/02/2010, Eastern Book Linkers
_cTextual
040 _aCRL
_cCRL
_bhin
041 _2hin
_ahin
082 _aQ1:g(Y), 152P2
100 _aद्विवेदी, कपिलदेव
245 0 _aवेदों में समाजशास्त्र, अर्थशास्त्र और शिक्षाशास्त्र
246 _aVedoan mean samājashāstra, arthashāstra aur shikṣhāshāstra
260 _aज्ञानपुर
_bविश्वभारती अनुसंधान परिषद् भारत
_c2002
300 _a239पृ0
_ccm.
942 _hQ1:g(Y), 152P2
_cTEXL
_2cc
999 _c1010393
_d1010393